000 00515nam a2200205Ia 4500
003 OSt
005 20221007082456.0
006 a|||||r|||| 00| 0
007 ta
008 221006b |||||||| |||| 00| 0 eng d
024 _a824
037 _cTextual
040 _aFLL
_cFLL
_beng
041 _2eng
_aeng
082 _aX:517:2.N7, M4
100 _aVerma D.P.S
245 0 _aRestrictive Trade Practices in India
942 _hX:517:2.N7, M4
_cTEXL
_2CC
999 _c1166554
_d1166554